000 01106nam a22002417a 4500
005 20240530110630.0
008 170117s2015 ua ahk g b 000 0 ara d
017 _a2014/10364
_bمصر. دار الكتب
020 _a9789774384573
040 _aEG-CaGPL
_cEG-CaGPL
082 0 4 _221
_a372.21\
_bم ف
100 0 _aمنال سعدى احمد مغازى
245 1 0 _aفاعلية برنامج مبنى على الوسائط المتعددة لتنمية بعض مفاهيم حقوق الانسان لدى طفل ما قبل المدرسة /
_cمنال سعدى احمد مغازى
260 _aالاسكندرية :
_bالمكتب الجامعى الحديث ،
_c2015.
300 _a244 ص. :
_bايض ؛
_c24 سم +
_eملاحق.
504 _aيشتمل على ارجاعات ببليوجرافية
650 0 7 _2qrmak
_aاطفال ما قبل المدرسة
_xرعاية
650 0 7 _2qrmak
_aاطفال ما قبل المدرسة
_xعلم نفس
650 0 7 _2qrmak
_aالاطفال
_xحقوق مدنية
651 _2qrmak
942 _2ddc
_cBK
999 _c63234
_d63234